If You Can't Stand the Smoke, Get Out of My Kitchen (Record no. 11255)

MARC details
000 -LEADER
fixed length control field 00667nam a2200241 a 4500
001 - CONTROL NUMBER
control field 0001-1255
003 - CONTROL NUMBER IDENTIFIER
control field ELIB.Books
008 - FIXED-LENGTH DATA ELEMENTS--GENERAL INFORMATION
fixed length control field 150615 2010 eng
020 ## - INTERNATIONAL STANDARD BOOK NUMBER
International Standard Book Number 0834113619
035 ## - SYSTEM CONTROL NUMBER
System control number (ELIB.Books)0001-1410
092 ## - LOCALLY ASSIGNED DEWEY CALL NUMBER (OCLC)
Classification number F
Item number Bol
100 ## - MAIN ENTRY--PERSONAL NAME
Personal name Bolton, Martha.
245 ## - TITLE STATEMENT
Title If You Can't Stand the Smoke, Get Out of My Kitchen
Remainder of title A Humorous Look at Life, Church, and the Family
260 ## - PUBLICATION, DISTRIBUTION, ETC. (IMPRINT)
Place of publication, distribution, etc. Missouri
Name of publisher, distributor, etc. Beacon Hill Press
Date of publication, distribution, etc. 1990
300 ## - PHYSICAL DESCRIPTION
Extent 119
Dimensions 21.5 Cm
500 ## - GENERAL NOTE
General note C/o Moe Lwei
650 ## - SUBJECT ADDED ENTRY--TOPICAL TERM
Topical term or geographic name as entry element Fiction
856 ## - ELECTRONIC LOCATION AND ACCESS
Name of location of host KBTS: Library
Uniform Resource Identifier <a href="KBTS: Elib">KBTS: Elib</a>
942 ## - ADDED ENTRY ELEMENTS (KOHA)
Source of classification or shelving scheme Dewey Decimal Classification
Koha item type Books
990 ## - EQUIVALENCES OR CROSS-REFERENCES [LOCAL, CANADA]
Link information for 9XX fields 1
998 ## - LOCAL CONTROL INFORMATION (RLIN)
Cataloger's initials, CIN (RLIN) bat
-- 2015-06-15
Holdings
Withdrawn status Lost status Source of classification or shelving scheme Damaged status Not for loan Home library Current library Date acquired Total Checkouts Barcode Date last seen Bill Date Koha item type
    Dewey Decimal Classification     Karen Baptist Theological Seminary Library Karen Baptist Theological Seminary Library 15/06/2015   15296 22/01/2022 22/01/2022 Books
Implemented & Customized by: BestBookBuddies

Powered by Koha